11~19の2乗 - Statistics

General Stats
  • This quiz has been taken 487 times
  • The average score is 8 of 9
Answer Stats
Hint Answer % Correct
11 121
100%
12 144
99%
13 169
98%
14 196
96%
15 225
96%
16 256
93%
17 289
85%
18 324
81%
19 361
78%
No matching quizzes found
Score Distribution
Percent of People with Each Score
Percentile by Number Answered
Your Score History
You have not taken this quiz